Responses for Show #3866 - Monday, May 28, 2001

Contestants

[<< previous game]

Chris Wieder, a graduate student from Salem, Virginia

Jean Lucasey, a judicial clerk from Hartsdale, New York

Steve Engel, a psychology professor from Los Angeles, California (whose 1-day cash winnings total $15,001)

[next game >>]

Jeopardy! Round responses

50 YEARS AGO
COMMUNICATION
FORMER CAPITALS
(Alex: You have to identify the state.)
LAW
"AND"
ORDER
(Alex: We're talking chronological order here.)
    $100 5
I Love Lucy

Jean
    $100 1
postcards

Jean
    $100 23
Arizona

Steve
    $100 2
L.A. Law

Jean
    $100 13
Gillian Anderson

Jean
    $100 14
Madison, Polk & Lincoln

Chris
    $200 7
Seoul

Chris
    $200 11
Radio

Jean
    $200 24
Georgia

Steve
    $200 3
(Robert) Reed

Jean
    $200 18
(Alex: [completing the clue's reading] blankety, blankety, blankety, blank)
[laughter]

ampersand

Jean
    $200 15
"Love Me Do", "We Can Work It Out", "Get Back"

Steve
    $600 8
Churchill

Chris
    $300 28
(Chris: What is sotto voce?)

stage whisper

JeanChris
    $300 25
West Virginia

Jean
    $300 4
Hill Street Blues

Chris
    $300 19
Androcles

Jean
    $300 16
M, E.T., & X-Men

Chris
    $400 9
Hank Williams

Triple Stumper
    $400 29
Hebrew

Steve
    $400 26
Alaska

Chris
    $400 6
Starsky & Hutch

Chris
    $400 20
Andromeda

Steve
    $400 17
Shoeless Joe, DiMaggio, & Canseco

Jean
    $500 10
(Chris: What is Germany?)

Japan

SteveChris
    $500 30
trumpet

Steve
    $500 27
Oklahoma

Chris
    $500 12
(Leslie) Nielsen

Chris
    $500 21
(Mario) Andretti

Steve
    $500 22
English Civil War, U.S. Civil War, Spanish Civil War

Steve

Scores at the first commercial break (after clue 14):

Steve Jean Chris
$500 $800 $1,600

Scores at the end of the Jeopardy! Round:

Steve Jean Chris
$3,300 $2,300 $2,500

Double Jeopardy! Round responses

ASIAN LIT
CLASSICAL MUSICIANS
PRESIDENTIAL SOLDIERS
(Alex: We'll list wars. You have to name the President who served in all of the wars we will list.)
TRAVEL & TOURISM
"OU" ANIMAL!
5-SYLLABLE WORDS
    $200 26
Vietnam

Jean
    $200 2
Chopin

Chris
    $200 6
Eisenhower

Chris
    $200 19
Ellis Island

Steve
    $200 12
trout

Steve
    $200 1
archaeology

Steve
    $400 27
[The end-of-round signal sounds.]

the moon

Steve
    $400 3
(Steve: Who is Puccini?)

Rossini

SteveJean
    $400 7
Teddy Roosevelt

Steve
    $400 22
Venice

Jean
    $400 15
greyhound

Steve
    $400 4
demilitarized

Steve
    $600 5
Rimsky-Korsakov

Chris
    $600 8
Grant

Steve
    $600 23
British Library

Triple Stumper
    $600 16
Cougar

Steve
    $600 11
(Steve: What is overexposed?)

overexposure

SteveChris
    $800 20
Johannes Brahms

Triple Stumper
    $3,000 9
Andrew Jackson

Steve
    $800 24
(Chris: Who is Gilberto?)
...
(Alex: You're thinking of Astrud Gilberto who sang the music of [*].)

Antônio Carlos Jobim

Chris
Triple Stumper
    $800 17
Toucan

Jean
    $800 13
Unforgettable

Chris
    $1000 21
Mendelssohn

Steve
    $1000 10
(Zachary) Taylor

Chris
    $1000 25
Kuala Lumpur

Jean
    $1,500 18
caribou

Jean
    $1000 14
testimonial

Jean

Scores at the end of the Double Jeopardy! Round:

Steve Jean Chris
$9,700 $7,600 $5,100

[wagering suggestions for these scores]

Final Jeopardy! Round responses

NATIONAL HISTORIC SITES
ChrisWhat is Ford's Theater?
$4,700
JeanWhat is Ford's Theater?
$7,599
SteveWhat is Forbes Theater
$6,000
Ford's Theater

Final scores:

Steve Jean Chris
$3,700 $15,199 $9,800
3rd place: Borders gift card New champion: $15,199 2nd place: trip to Costa Rica and cruise on Temptress Adventure Cruises

Game dynamics:

Coryat scores:

Steve Jean Chris
$7,500 $7,100 $4,800
20 R
(including 1 DD),
2 W
18 R
(including 1 DD),
0 W
15 R
(including 1 DD),
3 W

Combined Coryat: $19,400

[game clues] [game scores] [suggest correction]

Game tape date: 2001-02-20
The J! Archive is created by fans, for fans. Scraping, republication, monetization, and malicious use prohibited; this site may use cookies and collect identifying information. See terms. The Jeopardy! game show and all elements thereof, including but not limited to copyright and trademark thereto, are the property of Jeopardy Productions, Inc. and are protected under law. This website is not affiliated with, sponsored by, or operated by Jeopardy Productions, Inc. Join the discussion at JBoard.tv.